[Event "Livigno op-A 3rd"]
[Site "Livigno"]
[Date "2012.09.12"]
[Round "3"]
[White "Betori, Alessandro"]
[Black "Marholev, Dimitar"]
[Result "1/2-1/2"]
[WhiteElo "2043"]
[BlackElo "2340"]
[PlyCount "54"]
[EventDate "2012.09.10"]
[EventType "swiss"]
[EventRounds "9"]
[EventCountry "ITA"]
[SourceTitle "CBM 150 Extra"]
[Source "ChessBase"]
[SourceDate "2012.10.19"]
[SourceVersion "1"]
[SourceVersionDate "2012.10.19"]
[SourceQuality "1"]

1. Nf3 Nf6 2. d3 g6 3. e4 c5 4. g3 Bg7 5. Bg2 0-0 6. 0-0 Nc6 7. Re1 d6 8. Nbd2 e5 9. c3 Rb8 10. a3 d5 11. b4 cxb4 12. axb4 a6 13. Qb3 d4 14. cxd4 Nxd4 15. Nxd4 exd4 16. b5 Be6 17. Qb4 Qb6 18. Bb2 Nd7 19. Nf3 Nc5 20. Bf1 Nb3 21. Ra3 Qxb5 22. Qxb5 axb5 23. Ng5 Nc5 24. Nxe6 Nxe6 25. Ra5 Nc7 26. Rc1 b6 27. Ra3 b4 1/2-1/2

[Event "Livigno op-A 3rd"]
[Site "Livigno"]
[Date "2012.09.12"]
[Round "4"]
[White "Zhou, Yang Fan"]
[Black "Betori, Alessandro"]
[Result "1-0"]
[WhiteElo "2414"]
[BlackElo "2043"]
[PlyCount "37"]
[EventDate "2012.09.10"]
[EventType "swiss"]
[EventRounds "9"]
[EventCountry "ITA"]
[SourceTitle "CBM 150 Extra"]
[Source "ChessBase"]
[SourceDate "2012.10.19"]
[SourceVersion "1"]
[SourceVersionDate "2012.10.19"]
[SourceQuality "1"]

1. e4 d5 2. exd5 Qxd5 3. Nc3 Qd6 4. d4 Nf6 5. Nf3 a6 6. Bd3 Nc6 7. h3 Nb4 8. 0-0 Nxd3 9. Qxd3 g6 10. Ne4 Nxe4 11. Qxe4 Bg7 12. Bf4 Qe6 13. Qd3 Qf5 14. Qd2 c6 15. Rfe1 Qd5 16. Bh6 0-0 17. Rxe7 Be6 18. Re1 Rae8 19. R1xe6 1-0

[Event "Livigno op-A 3rd"]
[Site "Livigno"]
[Date "2012.09.11"]
[Round "2"]
[White "Sharma, Dinesh Kumar"]
[Black "Betori, Alessandro"]
[Result "1/2-1/2"]
[WhiteElo "2361"]
[BlackElo "2043"]
[PlyCount "78"]
[EventDate "2012.09.10"]
[EventType "swiss"]
[EventRounds "9"]
[EventCountry "ITA"]
[SourceTitle "CBM 150 Extra"]
[Source "ChessBase"]
[SourceDate "2012.10.19"]
[SourceVersion "1"]
[SourceVersionDate "2012.10.19"]
[SourceQuality "1"]

1. e4 d5 2. exd5 Qxd5 3. Nf3 Bg4 4. Be2 Nc6 5. d4 0-0-0 6. Be3 e5 7. c4 Bb4+ 8. Nbd2 Qe4 9. d5 Nd4 10. Nxd4 exd4 11. Bxg4+ f5 12. Bf3 Qe5 13. Qb3 Bc5 14. 0-0-0 dxe3 15. fxe3 Bxe3 16. Kc2 Nf6 17. Rhe1 f4 18. Qd3 Rhe8 19. Nf1 Qg5 20. Nxe3 Rxe3 21. Rxe3 fxe3 22. Re1 Re8 23. Qd4 Kb8 24. Kc3 Nd7 25. Re2 h5 26. h4 Qh6 27. a3 a5 28. b3 Qd6 29. Rxe3 Rxe3+ 30. Qxe3 Qf6+ 31. Kc2 Ne5 32. Be2 Qf5+ 33. Kd2 Ng4 34. Qf3 Qe5 35. Qc3 Qf4+ 36. Ke1 Qf2+ 37. Kd2 Qf4+ 38. Ke1 Qf2+ 39. Kd2 Qf4+ 1/2-1/2

[Event "Erba op 5th"]
[Site "Erba"]
[Date "2011.03.20"]
[Round "5"]
[White "Di Lascio, Savino"]
[Black "Betori, Alessandro"]
[Result "0-1"]
[WhiteElo "1974"]
[BlackElo "2025"]
[PlyCount "58"]
[EventDate "2011.03.18"]
[EventType "swiss"]
[EventRounds "5"]
[EventCountry "ITA"]
[SourceTitle "EXT 2023"]
[Source "ChessBase"]
[SourceDate "2022.10.05"]
[SourceVersion "1"]
[SourceVersionDate "2022.10.05"]
[SourceQuality "1"]

1. e4 d5 2. e5 c5 3. Nf3 Nc6 4. Bb5 Qb6 5. Bxc6+ Qxc6 6. 0-0 Bg4 7. h3 Bh5 8. d3 e6 9. Bf4 h6 10. g4 Bg6 11. a4 Ne7 12. c4 Rd8 13. Nh4 Bh7 14. cxd5 Rxd5 15. Bg3 g5 16. Ng2 Bxd3 17. Ne3 Rd8 18. Re1 Ba6 19. Qb3 b6 20. Nc3 c4 21. Qc2 Bb7 22. Kh2 h5 23. Nb5 hxg4 24. h4 gxh4 25. Bf4 Ng6 26. Bg5 Nxe5 27. Nxa7 Qf3 28. Nb5 Qh3+ 29. Kg1 Qh1# 0-1

[Event "Erba op 5th"]
[Site "Erba"]
[Date "2011.03.19"]
[Round "2"]
[White "Betori, Alessandro"]
[Black "Gagliardi, Christian"]
[Result "0-1"]
[WhiteElo "2025"]
[BlackElo "2212"]
[PlyCount "59"]
[EventDate "2011.03.18"]
[EventType "swiss"]
[EventRounds "5"]
[EventCountry "ITA"]
[SourceTitle "EXT 2023"]
[Source "ChessBase"]
[SourceDate "2022.10.05"]
[SourceVersion "1"]
[SourceVersionDate "2022.10.05"]
[SourceQuality "1"]

1. Nf3 c5 2. e4 Nc6 3. d3 d6 4. g3 g6 5. Bg2 Bg7 6. 0-0 Nf6 7. Nbd2 0-0 8. Re1 Qc7 9. Nf1 Nd7 10. h4 Nd4 11. Ne3 e6 12. h5 Rb8 13. Nh2 b5 14. f4 Nb6 15. c3 Nc6 16. f5 b4 17. Nhg4 exf5 18. exf5 gxf5 19. h6 Bh8 20. Qd2 fxg4 21. Nd5 Qd8 22. Nc7 Ne5 23. cxb4 Qxc7 24. Rxe5 Bxe5 25. d4 Bxd4+ 26. Kh2 f6 27. Qd3 Qf7 28. Be3 Qh5+ 29. Kg1 Qe5 30. Kf2 0-1

[Event "Lombardia Region-ch"]
[Site "Solaro"]
[Date "2010.05.29"]
[Round "2"]
[White "Betori, Alessandro"]
[Black "Bellia, Fabrizio"]
[Result "0-1"]
[WhiteElo "1984"]
[BlackElo "2373"]
[PlyCount "92"]
[EventDate "2010.05.28"]
[EventType "swiss"]
[EventRounds "5"]
[EventCountry "ITA"]
[SourceTitle "EXT 2024"]
[Source "ChessBase"]
[SourceDate "2023.10.10"]
[SourceVersion "1"]
[SourceVersionDate "2023.10.10"]
[SourceQuality "1"]

1. d4 Nf6 2. Nf3 c5 3. c3 d5 4. e3 Qc7 5. Bd3 g6 6. Nbd2 Bg7 7. Ne5 0-0 8. 0-0 b6 9. f4 Ba6 10. Bxa6 Nxa6 11. Qe2 Nb8 12. g4 Nc6 13. g5 Ne8 14. Qg4 Rd8 15. Rf3 Nd6 16. Rh3 Nf5 17. Nf1 Nxe5 18. fxe5 f6 19. Ng3 fxe5 20. Nxf5 Rxf5 21. Qh4 e4 22. Bd2 e5 23. Qxh7+ Kf7 24. Qh4 Rh8 25. Qg3 Rxh3 26. Qxh3 cxd4 27. Rf1 Qd7 28. cxd4 exd4 29. b3 Rxf1+ 30. Qxf1+ Qf5 31. Qxf5+ gxf5 32. h4 Kg6 33. Kf2 Kh5 34. Bb4 Kxh4 35. Be7 Kh5 36. a4 a6 37. b4 b5 38. axb5 axb5 39. Ke2 dxe3 40. Kxe3 Be5 41. Ke2 f4 42. Kd2 f3 43. Ke3 Bf4+ 44. Kf2 Bxg5 45. Bc5 Kg4 46. Bd4 e3+ 0-1

[Event "Lombardia Region-ch"]
[Site "Solaro"]
[Date "2010.05.28"]
[Round "1"]
[White "Monticelli, Francesco"]
[Black "Betori, Alessandro"]
[Result "0-1"]
[WhiteElo "1657"]
[BlackElo "1984"]
[PlyCount "48"]
[EventDate "2010.05.28"]
[EventType "swiss"]
[EventRounds "5"]
[EventCountry "ITA"]
[SourceTitle "EXT 2024"]
[Source "ChessBase"]
[SourceDate "2023.10.10"]
[SourceVersion "1"]
[SourceVersionDate "2023.10.10"]
[SourceQuality "1"]

1. e4 d5 2. exd5 Qxd5 3. Nc3 Qa5 4. d3 Nf6 5. Nf3 Bg4 6. Be2 e6 7. 0-0 Nbd7 8. Bd2 c6 9. Re1 Be7 10. a3 0-0 11. Ne4 Qc7 12. Ng3 Bd6 13. h3 Bxf3 14. Bxf3 Bxg3 15. fxg3 Qxg3 16. Re3 Qc7 17. Qe2 Rad8 18. Rf1 Qb6 19. b3 Nd5 20. Bxd5 cxd5 21. Kh1 Rc8 22. Rc1 e5 23. Rg3 f5 24. Bh6 Qxh6 0-1

[Event "Rome Steinitz op 1st"]
[Site "Rome"]
[Date "2002.07.07"]
[Round "4"]
[White "Betori, Alessandro"]
[Black "Marino, Massimo"]
[Result "0-1"]
[WhiteElo "1500"]
[BlackElo "1966"]
[PlyCount "50"]
[EventDate "2002.07.05"]
[EventType "swiss"]
[EventRounds "5"]
[EventCountry "ITA"]
[SourceTitle "EXT 2007"]
[Source "ChessBase"]
[SourceDate "2006.11.23"]
[SourceVersion "1"]
[SourceVersionDate "2006.11.23"]
[SourceQuality "1"]

1. e4 e6 2. d3 d5 3. Nd2 Nf6 4. Ngf3 b6 5. g3 Be7 6. Bg2 dxe4 7. dxe4 Ba6 8. e5 Nd5 9. c4 Nb4 10. 0-0 Bb7 11. a3 Nd3 12. Qe2 0-0 13. Ne4 Nxc1 14. Raxc1 Nd7 15. Rfd1 Qc8 16. Bh3 h6 17. g4 a5 18. Rc3 Bxe4 19. Qxe4 Nc5 20. Qf4 Rd8 21. Nd4 Na4 22. Rf3 Rf8 23. Rd2 Bg5 24. Nc6 Bxf4 25. Ne7+ Kh8 0-1